[Event "19. Blankenburger Schachturnier, A-Gr."]
[Site "Blankenburg"]
[Date "2014.10.02"]
[Round "1.2"]
[White "Schütze, Norman"]
[Black "Willberg, Frank"]
[Result "1-0"]
[WhiteElo "2277"]
[BlackElo "2013"]
[PlyCount "63"]
[EventDate "2014.10.??"]

1. e4 Nf6 2. e5 Nd5 3. d4 d6 4. Nf3 g6 5. Bc4 c6 6. Bxd5 cxd5 7. Nc3 dxe5 8.
dxe5 e6 9. Bg5 Be7 10. Bh6 Nc6 11. O-O a6 12. a3 b5 13. Re1 Bb7 14. Qd2 Bf8 15.
Bxf8 Kxf8 16. Qh6+ Kg8 17. Rad1 Qf8 18. Qf4 Rd8 19. h4 Qe7 20. Rd3 Kg7 21. h5
h6 22. Ne2 Rhf8 23. Qg4 g5 24. Ned4 Rde8 25. Nxc6 Bxc6 26. Nd4 Bd7 27. Rc3 Rc8
28. Rf3 f5 29. exf6+ Rxf6 30. Rxf6 Kxf6 31. Qf3+ Kg7 32. Nf5+ 1-0

[Event "19. Blankenburger Schachturnier, A-Gr."]
[Site "Blankenburg"]
[Date "2014.10.02"]
[Round "1.3"]
[White "Ditze, Thomas"]
[Black "Bente, Björn"]
[Result "0-1"]
[WhiteElo "1919"]
[BlackElo "2268"]
[PlyCount "56"]
[EventDate "2014.10.??"]

1. d4 Nf6 2. Nf3 e6 3. c4 d5 4. Nc3 Bb4 5. Bd2 O-O 6. e3 b6 7. cxd5 exd5 8. Be2
Bb7 9. O-O c5 10. a3 Bxc3 11. bxc3 c4 12. a4 Nc6 13. Bc1 Ne4 14. Qc2 Re8 15.
Nd2 Na5 16. Nxe4 Rxe4 17. Ba3 Qd7 18. Bc1 Nb3 19. Ra3 Bc6 20. Qa2 Qe7 21. Rxb3
cxb3 22. Qxb3 Qd7 23. Bb5 Bxb5 24. axb5 Ree8 25. Bd2 a5 26. bxa6 Rxa6 27. Rb1
Rea8 28. f3 Qf5 0-1

[Event "19. Blankenburger Schachturnier, A-Gr."]
[Site "Blankenburg"]
[Date "2014.10.02"]
[Round "1.4"]
[White "Kahe, Ralph"]
[Black "Kreyssig, Bruno"]
[Result "1-0"]
[WhiteElo "2193"]
[BlackElo "1895"]
[PlyCount "63"]
[EventDate "2014.10.??"]

1. d4 Nf6 2. c4 c5 3. d5 b5 4. cxb5 a6 5. bxa6 Bxa6 6. Nc3 g6 7. e4 Bxf1 8.
Kxf1 d6 9. Nge2 Bg7 10. h3 O-O 11. Kg1 Na6 12. Kh2 Qa5 13. Rb1 Nd7 14. Rf1 Ne5
15. a3 Rfb8 16. f4 Nc4 17. Qd3 Nb6 18. Bd2 c4 19. Qc2 Nc5 20. Be3 Nba4 21. Bd4
Bxd4 22. Nxd4 Nxc3 23. Nc6 Qa4 24. Qxc3 Rb3 25. Qe1 Kf8 26. Qh4 Kg7 27. f5 c3
28. fxg6 hxg6 29. Qxe7 Rf8 30. Qf6+ Kg8 31. Ne7+ Kh7 32. Rf4 1-0

[Event "19. Blankenburger Schachturnier, A-Gr."]
[Site "Blankenburg"]
[Date "2014.10.02"]
[Round "1.5"]
[White "Kasper, Mike"]
[Black "Issing, Peter"]
[Result "0-1"]
[WhiteElo "1894"]
[BlackElo "2174"]
[PlyCount "80"]
[EventDate "2014.10.??"]

1. e4 c5 2. Na3 Nc6 3. Bb5 Qc7 4. Nf3 a6 5. Bxc6 Qxc6 6. d3 d6 7. O-O e5 8. Nc4
g6 9. a4 Be6 10. b3 h6 11. Bb2 Bg7 12. Nfd2 Ne7 13. f4 Qc7 14. fxe5 dxe5 15. a5
Nc6 16. Nf3 Rd8 17. Qe1 O-O 18. Qf2 Nd4 19. Nxd4 cxd4 20. Qg3 Rfe8 21. Bc1 Kh7
22. Bd2 Qc5 23. Rf3 f5 24. exf5 Bxf5 25. Raf1 e4 26. dxe4 Rxe4 27. Kh1 Re2 28.
h4 Be4 29. R3f2 Rxf2 30. Rxf2 d3 31. cxd3 Rxd3 32. Qf4 Bd5 33. Ne5 Rxb3 34. Nd7
Qe7 35. Nb6 Bc6 36. Qc4 Rh3+ 37. Kg1 Rxh4 38. Rf7 Rxc4 39. Rxe7 Rc2 40. Bf4 Kg8
0-1

[Event "19. Blankenburger Schachturnier, A-Gr."]
[Site "Blankenburg"]
[Date "2014.10.02"]
[Round "1.6"]
[White "Frotscher, Thomas"]
[Black "Zerfass, Otfried"]
[Result "1-0"]
[WhiteElo "2128"]
[BlackElo "1893"]
[PlyCount "83"]
[EventDate "2014.10.??"]

1. c4 Nf6 2. Nc3 g6 3. e4 d6 4. d4 Bg7 5. Nge2 O-O 6. Ng3 e5 7. d5 Ne8 8. Be2
f5 9. exf5 gxf5 10. Nh5 Bh8 11. f4 Nd7 12. O-O Ndf6 13. Ng3 e4 14. Be3 Ng7 15.
Qd2 Bd7 16. Bd4 Be8 17. Nd1 h5 18. Ne3 Bg6 19. Rad1 h4 20. Nh1 Ngh5 21. g3 hxg3
22. hxg3 Rf7 23. Rf2 Rh7 24. Rh2 Qf8 25. Rf1 Re8 26. Rff2 Ree7 27. Rfg2 Rh6 28.
Nf2 Reh7 29. Nh3 Ng7 30. Ng5 Rxh2 31. Rxh2 Rxh2 32. Kxh2 Ngh5 33. Kg2 Qh6 34.
Nc2 Ng4 35. Bxg4 fxg4 36. Ne3 Bxd4 37. Qxd4 Qf8 38. Ne6 Qe7 39. Nxg4 Kh7 40.
Ng5+ Kg8 41. Nh6+ Kf8 42. Qh8# 1-0

[Event "19. Blankenburger Schachturnier, A-Gr."]
[Site "Blankenburg"]
[Date "2014.10.02"]
[Round "1.7"]
[White "Walther, Joachim"]
[Black "Stanke, Achim"]
[Result "0-1"]
[WhiteElo "1888"]
[BlackElo "2122"]
[PlyCount "75"]
[EventDate "2014.10.??"]

1. d4 g6 2. e4 c6 3. Nc3 d5 4. exd5 cxd5 5. Be3 Nh6 6. h3 Bg7 7. Bb5+ Nc6 8.
Nge2 Nf5 9. O-O O-O 10. Bxc6 Nxe3 11. fxe3 bxc6 12. Na4 e5 13. Nc5 Qe7 14. c3
Re8 15. Rf3 Bh6 16. Kf1 Bf5 17. Ng3 Bc8 18. e4 dxe4 19. Ngxe4 f5 20. Ng3 e4 21.
Qb3+ Kg7 22. Re1 Qc7 23. c4 Bd2 24. Re2 Rb8 25. Qc2 Bf4 26. Ngxe4 fxe4 27. Nxe4
Bf5 28. g4 Bxe4 29. Rxe4 Rxb2 30. Qxb2 Rxe4 31. Rb3 Re7 32. c5 Bg5 33. Rf3 Kg8
34. Kg2 Qd7 35. Qb3+ Kg7 36. Qb8 Re8 37. Qb2 Qd5 38. Qf2 0-1

[Event "19. Blankenburger Schachturnier, A-Gr."]
[Site "Blankenburg"]
[Date "2014.10.02"]
[Round "1.8"]
[White "Meyer, Stefan"]
[Black "Timar-Gang, Dr. Zoltan"]
[Result "1-0"]
[WhiteElo "2093"]
[BlackElo "1864"]
[PlyCount "103"]
[EventDate "2014.10.??"]

1. Nf3 d5 2. g3 Nf6 3. Bg2 c6 4. O-O Nbd7 5. d3 e5 6. Nbd2 Bc5 7. e4 O-O 8. Qe2
Re8 9. a4 a5 10. h3 Qc7 11. Nh4 Nf8 12. Nb3 Bb6 13. Bg5 N8d7 14. Nf5 g6 15. Ne3
dxe4 16. dxe4 Kg7 17. Nc4 Ba7 18. Rfd1 Nh5 19. Qf3 Re6 20. h4 h6 21. Be3 Rf6
22. Qe2 b5 23. Ncd2 b4 24. Nf1 Bb6 25. Bxb6 Qxb6 26. Qe3 Qc7 27. Nc5 Nxc5 28.
Qxc5 Ba6 29. Rd2 Re6 30. Rad1 Re7 31. Bh3 Nf6 32. f3 Qa7 33. Qxa7 Raxa7 34. Ne3
Rac7 35. Bf1 Bxf1 36. Kxf1 Red7 37. Nc4 Rxd2 38. Rxd2 Nh5 39. g4 Nf4 40. Nxe5
Ne6 41. Nc4 c5 42. Kf2 Nd4 43. c3 Nb3 44. Rd6 bxc3 45. bxc3 Rb7 46. Rb6 Rxb6
47. Nxb6 g5 48. h5 Kf6 49. Ke3 Ke6 50. Nc4 f6 51. Kd3 Kd7 52. Kc2 1-0

[Event "19. Blankenburger Schachturnier, A-Gr."]
[Site "Blankenburg"]
[Date "2014.10.02"]
[Round "1.9"]
[White "Herdzik, Matthias"]
[Black "Anderberg, Peter"]
[Result "0-1"]
[WhiteElo "1843"]
[BlackElo "2072"]
[PlyCount "68"]
[EventDate "2014.10.??"]

1. e4 d5 2. exd5 Qxd5 3. Nf3 Bg4 4. Be2 Nc6 5. Nc3 Qh5 6. O-O O-O-O 7. b4 Nf6
8. b5 Nd4 9. Nxd4 Rxd4 10. h3 Bxe2 11. Nxe2 Rd7 12. a4 e6 13. d3 Bd6 14. Bd2 g5
15. Bc3 Qg6 16. a5 Rg8 17. Bd4 g4 18. h4 g3 19. f3 Qh6 20. Qb1 Qxh4 21. Re1
Qh2+ 22. Kf1 Qh1+ 23. Ng1 Nd5 24. c4 Nf4 25. Ra2 Nxd3 26. a6 b6 27. Qxd3 Bc5
28. Qe4 Rxd4 29. Qa8+ Kd7 30. Qxg8 Rd6 31. Qxf7+ Kc8 32. Qe8+ Rd8 33. Qxe6+ Kb8
34. Re3 Qxg1+ 0-1

[Event "19. Blankenburger Schachturnier, A-Gr."]
[Site "Blankenburg"]
[Date "2014.10.02"]
[Round "1.10"]
[White "Michael, Dirk"]
[Black "Junker, Stefan"]
[Result "1-0"]
[WhiteElo "2069"]
[BlackElo "1825"]
[PlyCount "77"]
[EventDate "2014.10.??"]

1. c4 Nf6 2. Nf3 g6 3. b4 Bg7 4. Bb2 O-O 5. e3 c6 6. Be2 d5 7. O-O Re8 8. Na3
Nbd7 9. cxd5 Nxd5 10. Bxg7 Kxg7 11. b5 c5 12. Qb3 N7f6 13. Rac1 b6 14. Nc4 Bb7
15. Nce5 e6 16. Ng5 Nc7 17. Ngxf7 Qxd2 18. Bc4 Bd5 19. Rfd1 Qb4 20. Qd3 Bxc4
21. Rxc4 Qxb5 22. Qc2 Re7 23. Nd6 Qa6 24. Ra4 Nfd5 25. Rxa6 Nxa6 26. Qb2 Kg8
27. Qb3 Nac7 28. h4 Rg7 29. Ne4 h6 30. g4 Rf8 31. g5 h5 32. Rxd5 Nxd5 33. Nf6+
Nxf6 34. Qxe6+ Kh7 35. gxf6 Rgg8 36. Qe7+ Kh6 37. Nf7+ Kh7 38. Ng5+ Kh6 39.
Qh7# 1-0

[Event "19. Blankenburger Schachturnier, A-Gr."]
[Site "Blankenburg"]
[Date "2014.10.02"]
[Round "1.11"]
[White "Hamann, Marcus"]
[Black "Hofmann, Annett"]
[Result "1-0"]
[WhiteElo "1786"]
[BlackElo "1992"]
[PlyCount "51"]
[EventDate "2014.10.??"]

1. e4 c5 2. Nf3 d6 3. d4 cxd4 4. Nxd4 Nf6 5. Nc3 a6 6. Be2 e6 7. O-O Nbd7 8.
Be3 b5 9. Qd2 Bb7 10. f3 Be7 11. Kh1 O-O 12. a3 Qc7 13. Rac1 Rac8 14. Na2 d5
15. exd5 Nxd5 16. c4 Nxe3 17. Qxe3 bxc4 18. Nxe6 fxe6 19. Qxe6+ Rf7 20. Bxc4
Ne5 21. Bb3 Bc5 22. Rfe1 Bxf3 23. gxf3 Nxf3 24. Qe8+ Rxe8 25. Rxe8+ Bf8 26.
Rxc7 1-0

[Event "19. Blankenburger Schachturnier, A-Gr."]
[Site "Blankenburg"]
[Date "2014.10.02"]
[Round "1.12"]
[White "Dreke, Frank"]
[Black "Dietz, Florian"]
[Result "1-0"]
[WhiteElo "1981"]
[BlackElo "1776"]
[PlyCount "45"]
[EventDate "2014.10.??"]

1. e4 c5 2. d4 cxd4 3. c3 e5 4. cxd4 exd4 5. Nf3 Bc5 6. Bc4 Nc6 7. O-O Nge7 8.
Ng5 Ne5 9. Nxf7 Nxf7 10. Bxf7+ Kxf7 11. Qh5+ g6 12. Qxc5 Nc6 13. Bf4 Re8 14.
Nd2 b6 15. Qd5+ Kg7 16. Bg5 Qc7 17. Nf3 Ba6 18. Rfe1 Rac8 19. b4 Bb7 20. Rac1
Qb8 21. Qxd7+ Kg8 22. Qd5+ Kg7 23. b5 1-0

[Event "19. Blankenburger Schachturnier, A-Gr."]
[Site "Blankenburg"]
[Date "2014.10.02"]
[Round "1.13"]
[White "Vonhoff, Joerg"]
[Black "Perkampus, Lars"]
[Result "1/2-1/2"]
[WhiteElo "1757"]
[BlackElo "1975"]
[PlyCount "108"]
[EventDate "2014.10.??"]

1. e4 c5 2. Nf3 Nc6 3. c3 d5 4. exd5 Qxd5 5. Na3 Nf6 6. h3 Ne5 7. Nxe5 Qxe5+ 8.
Qe2 Qxe2+ 9. Bxe2 Bd7 10. Nc2 Bc6 11. O-O e6 12. d4 b5 13. dxc5 Bxc5 14. Be3
Bxe3 15. Nxe3 Ke7 16. Rfd1 Rhd8 17. Nc2 a6 18. f3 Rxd1+ 19. Rxd1 Rd8 20. Rxd8
Kxd8 21. Kf2 Kc7 22. Nb4 a5 23. Nd3 Nd5 24. Nc5 h6 25. Nb3 Kb6 26. Nd4 Bd7 27.
a3 e5 28. Nc2 Be6 29. Ne3 Nf4 30. Bf1 a4 31. c4 bxc4 32. Nxc4+ Bxc4 33. Bxc4
Kc5 34. b3 f6 35. Bf7 axb3 36. Bxb3 Kd4 37. Bf7 Nd3+ 38. Ke2 Nc5 39. g4 e4 40.
fxe4 Kxe4 41. Bg6+ Kf4 42. Kf2 Kg5 43. Bc2 h5 44. gxh5 Kxh5 45. a4 Kg5 46. a5
Kf4 47. Kg2 f5 48. Bd3 g5 49. a6 Nd7 50. Bb5 Nb6 51. Bc6 Nc8 52. Kf2 Na7 53.
Bd7 Ke4 54. Kg2 Kf4 1/2-1/2

[Event "19. Blankenburger Schachturnier, A-Gr."]
[Site "Blankenburg"]
[Date "2014.10.02"]
[Round "1.14"]
[White "Vonhoff, Nils"]
[Black "Post, Hugo"]
[Result "1-0"]
[WhiteElo "1967"]
[BlackElo "1652"]
[PlyCount "59"]
[EventDate "2014.10.??"]

1. e4 c5 2. Nc3 Nc6 3. g4 e6 4. d3 Be7 5. Bg2 d6 6. Nf3 d5 7. h3 d4 8. Ne2 Qc7
9. O-O e5 10. Ng3 Bd7 11. a4 O-O-O 12. Nd2 Nf6 13. Nc4 Ne8 14. f4 f6 15. fxe5
fxe5 16. Nf5 Bxf5 17. Rxf5 Nd6 18. Nxd6+ Qxd6 19. Bd2 h6 20. Qf3 Rde8 21. Rf1
g6 22. Rf7 Nd8 23. Rg7 Bf8 24. Rf7 Nxf7 25. Qxf7 Qe6 26. g5 Qxf7 27. Rxf7 Re7
28. Rf6 hxg5 29. Bxg5 Rh5 30. Rxf8+ 1-0

[Event "19. Blankenburger Schachturnier, A-Gr."]
[Site "Blankenburg"]
[Date "2014.10.02"]
[Round "2.1"]
[White "Meyer, Stefan"]
[Black "Schütze, Norman"]
[Result "1/2-1/2"]
[WhiteElo "2093"]
[BlackElo "2277"]
[PlyCount "44"]
[EventDate "2014.10.??"]

1. e4 c5 2. Nf3 d6 3. g3 Nc6 4. Bg2 e5 5. O-O g6 6. d3 Bg7 7. Nc3 Nge7 8. Nd2
O-O 9. Nc4 Be6 10. Nd5 Rc8 11. a4 Qd7 12. c3 f5 13. a5 Bf7 14. Qa4 Rfd8 15. Bg5
Qe6 16. Qb5 Rb8 17. Nce3 fxe4 18. dxe4 h6 19. Bxe7 Nxe7 20. Rfd1 Kh7 21. Nxe7
Qxe7 22. Nd5 Qf8 1/2-1/2

[Event "19. Blankenburger Schachturnier, A-Gr."]
[Site "Blankenburg"]
[Date "2014.10.02"]
[Round "2.2"]
[White "Bente, Björn"]
[Black "Michael, Dirk"]
[Result "1-0"]
[WhiteElo "2268"]
[BlackElo "2069"]
[PlyCount "64"]
[EventDate "2014.10.??"]

1. d4 f5 2. g3 c5 3. d5 Nf6 4. Bg2 d6 5. Nh3 Na6 6. O-O Nc7 7. a4 g6 8. Nc3 Bg7
9. Nf4 b6 10. Nb5 O-O 11. Ne6 Nxe6 12. dxe6 d5 13. Bf4 a6 14. Bc7 Qe8 15. Bxd5
axb5 16. Bxa8 Bxe6 17. Bf3 bxa4 18. Bxb6 Qb5 19. Bc7 c4 20. c3 Nd5 21. Bxd5
Bxd5 22. Rxa4 Bb7 23. Rb4 Qc6 24. Rxb7 Qxb7 25. Ba5 f4 26. Bb4 fxg3 27. hxg3
Qe4 28. Qd2 Bf6 29. Rd1 Kg7 30. Bc5 h5 31. Qe3 Qc6 32. Bxe7 Qa4 1-0

[Event "19. Blankenburger Schachturnier, A-Gr."]
[Site "Blankenburg"]
[Date "2014.10.02"]
[Round "2.3"]
[White "Anderberg, Peter"]
[Black "Kahe, Ralph"]
[Result "1-0"]
[WhiteElo "2072"]
[BlackElo "2193"]
[PlyCount "110"]
[EventDate "2014.10.??"]

1. d4 Nf6 2. c4 g6 3. Nc3 Bg7 4. e4 d6 5. h3 Nbd7 6. Be3 e5 7. d5 Nc5 8. Qc2
O-O 9. Nf3 a5 10. Be2 Ne8 11. Bxc5 dxc5 12. O-O-O Bd7 13. g3 Nd6 14. h4 h5 15.
Nd2 Bh6 16. Kb1 Kg7 17. Rdf1 Bxd2 18. Qxd2 Qe7 19. Qe3 b6 20. Bd3 Rae8 21. Qe2
Qd8 22. f3 f5 23. Qg2 Rf6 24. Kc2 Ref8 25. f4 fxe4 26. Nxe4 Nxe4 27. Qxe4 exf4
28. Rxf4 Bf5 29. Qe5 Re8 30. Qc3 Re3 31. Rxf5 gxf5 32. Rf1 Rxg3 33. Rxf5 Kf7
34. Rxh5 Rf2+ 35. Kb3 Qf6 36. Rh7+ Kg8 37. Qxf6 Rxd3+ 38. Ka4 Rxf6 39. Rxc7 Rf2
40. Kb5 Rxb2+ 41. Kc6 Rxa2 42. Kxb6 a4 43. Ra7 a3 44. Kxc5 Rad2 45. d6 a2 46.
h5 Kh8 47. h6 Kg8 48. h7+ Kh8 49. Ra8+ Kxh7 50. Ra7+ Kg6 51. Ra8 Kf7 52. Ra7+
Ke8 53. Ra8+ Kd7 54. Ra7+ Kc8 55. Ra5 Rxd6 1-0

[Event "19. Blankenburger Schachturnier, A-Gr."]
[Site "Blankenburg"]
[Date "2014.10.02"]
[Round "2.4"]
[White "Issing, Peter"]
[Black "Dreke, Frank"]
[Result "1/2-1/2"]
[WhiteElo "2174"]
[BlackElo "1981"]
[PlyCount "140"]
[EventDate "2014.10.??"]

1. d4 Nf6 2. c4 e6 3. Nc3 Bb4 4. Nf3 b6 5. g3 Bb7 6. Bg2 O-O 7. O-O Bxc3 8.
bxc3 Ne4 9. Qc2 f5 10. Rd1 Qc8 11. Ne5 d6 12. Nd3 Nd7 13. f3 Nef6 14. Bd2 Re8
15. Nf2 e5 16. Qxf5 exd4 17. cxd4 Rxe2 18. Qd3 Re7 19. Re1 Qf8 20. Rxe7 Qxe7
21. Re1 Qf7 22. Bh3 Re8 23. Rxe8+ Qxe8 24. Qf5 Qe2 25. Qe6+ Qxe6 26. Bxe6+ Kf8
27. f4 Ke7 28. Bf5 Ba6 29. Bd3 d5 30. cxd5 Bxd3 31. Nxd3 Nxd5 32. Kf2 Kd6 33.
Ke2 g6 34. h3 Nf8 35. Ne5 Nf6 36. Bb4+ c5 37. dxc5+ bxc5 38. Be1 Kd5 39. Kd3
Ne6 40. Nc4 Nc7 41. Ne3+ Kc6 42. g4 Nfd5 43. Nxd5 Kxd5 44. Bc3 c4+ 45. Ke3 Nb5
46. Be5 Na3 47. Bb8 a5 48. f5 gxf5 49. gxf5 Nc2+ 50. Kd2 Nb4 51. a3 Na6 52. Ba7
Nc7 53. Bb6 Nb5 54. a4 Nd6 55. Bxa5 Nxf5 56. Bb4 Nd6 57. Bxd6 Kxd6 58. Kc3 Kc5
59. h4 h5 60. a5 Kb5 61. a6 Kxa6 62. Kxc4 Kb6 63. Kd5 Kc7 64. Ke6 Kd8 65. Kf7
Kd7 66. Kg6 Ke6 67. Kxh5 Kf5 68. Kh6 Kf6 69. Kh7 Kf7 70. h5 Kf8 1/2-1/2

[Event "19. Blankenburger Schachturnier, A-Gr."]
[Site "Blankenburg"]
[Date "2014.10.02"]
[Round "2.6"]
[White "Stanke, Achim"]
[Black "Hamann, Marcus"]
[Result "1/2-1/2"]
[WhiteElo "2122"]
[BlackElo "1786"]
[PlyCount "94"]
[EventDate "2014.10.??"]

1. d4 f5 2. g3 Nf6 3. Bg2 d5 4. Nh3 e6 5. c3 Be7 6. Na3 O-O 7. Nc2 c5 8. O-O
Nc6 9. f3 cxd4 10. cxd4 Qb6 11. Nf2 Bd7 12. b3 Nb4 13. Ne1 Rac8 14. Bb2 Rc7 15.
a3 Nc6 16. Rc1 Na5 17. Rxc7 Qxc7 18. Ned3 Rc8 19. b4 Nc4 20. Bc1 b6 21. Qb3 Nd6
22. Ne5 Qc3 23. Qxc3 Rxc3 24. Nxd7 Nxd7 25. e4 dxe4 26. fxe4 fxe4 27. Nxe4 Nxe4
28. Bxe4 Bf6 29. d5 Bd4+ 30. Kg2 exd5 31. Bxd5+ Kh8 32. Rf7 Rxc1 33. Rxd7 g6
34. Rxa7 Rc2+ 35. Kh3 Bg1 36. Bg2 h5 37. Rd7 g5 38. Rh7+ Kxh7 39. Be4+ Kh6 40.
Bxc2 Bd4 41. Kg2 Bb2 42. a4 Bc3 43. b5 Ba5 44. Kf3 Kg7 45. Ke4 Kf6 46. h3 h4
47. gxh4 gxh4 1/2-1/2

[Event "19. Blankenburger Schachturnier, A-Gr."]
[Site "Blankenburg"]
[Date "2014.10.02"]
[Round "2.7"]
[White "Perkampus, Lars"]
[Black "Willberg, Frank"]
[Result "0-1"]
[WhiteElo "1975"]
[BlackElo "2013"]
[PlyCount "98"]
[EventDate "2014.10.??"]

1. d4 Nf6 2. Bg5 d5 3. Nf3 Ne4 4. Bf4 Nd7 5. Nbd2 Ndf6 6. h3 c5 7. dxc5 Nxc5 8.
Nd4 Qb6 9. N4b3 Bf5 10. g4 Bg6 11. Bg2 Rc8 12. c3 Na4 13. Be3 Qa6 14. Bd4 e6
15. f4 Nxb2 16. Qc1 Ba3 17. O-O O-O 18. Qe1 Ne4 19. f5 Nxd2 20. Nxd2 exf5 21.
gxf5 Bh5 22. Qg3 g6 23. Bxd5 Qd6 24. Qxd6 Bxd6 25. fxg6 hxg6 26. e4 b6 27. Nb3
Nd3 28. Nc1 Nf4 29. Rxf4 Bxf4 30. Nd3 Bd2 31. c4 Be2 32. Ne5 Rc7 33. Nxg6 Re8
34. Ne5 Bh5 35. Kf2 Bf4 36. Rg1+ Kf8 37. Nc6 Bh6 38. c5 Rec8 39. cxb6 axb6 40.
Nb4 b5 41. Be5 Rc1 42. Rxc1 Rxc1 43. Bc6 Bd2 44. Bd6+ Kg8 45. Bxb5 Rb1 46. a3
Rb3 47. Be2 Be3+ 48. Kg3 Bxe2 49. Kh4 f6 0-1

[Event "19. Blankenburger Schachturnier, A-Gr."]
[Site "Blankenburg"]
[Date "2014.10.02"]
[Round "2.8"]
[White "Hofmann, Annett"]
[Black "Vonhoff, Joerg"]
[Result "0-1"]
[WhiteElo "1992"]
[BlackElo "1757"]
[PlyCount "88"]
[EventDate "2014.10.??"]

1. e4 c5 2. Nf3 d6 3. d4 cxd4 4. Nxd4 Nf6 5. Nc3 a6 6. Be3 e6 7. f3 Be7 8. Qd2
Qc7 9. g4 Nc6 10. h4 Ne5 11. h5 Nc4 12. Bxc4 Qxc4 13. O-O-O b5 14. b3 Qc7 15.
g5 Nd7 16. g6 h6 17. Rdg1 Bb7 18. gxf7+ Kxf7 19. Qg2 Bf6 20. Nce2 Rac8 21. Nf4
Qc3 22. Qg4 Qxe3+ 23. Kb1 Rhe8 24. Nfxe6 Bxd4 25. Nxg7 Qg5 26. Nxe8 Qxg4 27.
Nxd6+ Ke6 28. Rxg4 Kxd6 29. Rd1 Ne5 30. Rf4 Kc5 31. Rf5 b4 32. Rf6 Be3 33. f4
Ng4 34. Rg6 Nf2 35. Re1 Bd4 36. Rxh6 Bxe4 37. Kc1 Kb5 38. Re2 Bf3 39. Re7 Be4
40. c4+ bxc3 41. a4+ Kb4 42. Rxe4 Nxe4 43. Rxa6 Kxb3 44. h6 Be3+ 0-1

[Event "19. Blankenburger Schachturnier, A-Gr."]
[Site "Blankenburg"]
[Date "2014.10.02"]
[Round "2.9"]
[White "Timar-Geng, Dr. Zoltan"]
[Black "Ditze, Thomas"]
[Result "1/2-1/2"]
[WhiteElo "1864"]
[BlackElo "1919"]
[PlyCount "80"]
[EventDate "2014.10.??"]

1. d4 Nf6 2. c4 g6 3. Nc3 d5 4. cxd5 Nxd5 5. e4 Nxc3 6. bxc3 c5 7. Be3 Bg7 8.
Bc4 O-O 9. Ne2 Nc6 10. O-O cxd4 11. cxd4 Bg4 12. f3 Bd7 13. Qd2 Rc8 14. Rac1
Qa5 15. Qxa5 Nxa5 16. Bd3 a6 17. d5 b5 18. Bc5 Rfe8 19. Bb4 Nc4 20. Bxc4 bxc4
21. Bc3 Bxc3 22. Nxc3 Rb8 23. Rb1 a5 24. Rxb8 Rxb8 25. Rb1 Rb4 26. Kf2 e6 27.
Ke3 e5 28. Kd2 Kf8 29. Kc2 Ke7 30. a3 Rxb1 31. Nxb1 Kd6 32. Kc3 Kc5 33. Nd2 Bb5
34. a4 Ba6 35. g3 f6 36. f4 exf4 37. gxf4 f5 38. exf5 gxf5 39. d6 Kxd6 40.
Nxc4+ Bxc4 1/2-1/2

[Event "19. Blankenburger Schachturnier, A-Gr."]
[Site "Blankenburg"]
[Date "2014.10.02"]
[Round "2.10"]
[White "Kreyssig, Bruno"]
[Black "Herdzik, Matthias"]
[Result "0-1"]
[WhiteElo "1895"]
[BlackElo "1843"]
[PlyCount "126"]
[EventDate "2014.10.??"]

1. e4 c5 2. Nf3 d6 3. d4 cxd4 4. Nxd4 Nf6 5. Nc3 a6 6. g3 e5 7. Nde2 Be7 8. Bg2
b5 9. Nd5 Nbd7 10. O-O Bb7 11. Nec3 Rc8 12. a4 Qa5 13. b4 Nxd5 14. bxa5 Nxc3
15. Qe1 Nxa4 16. Ba3 O-O 17. Qd2 Rc6 18. f4 Rfc8 19. Rac1 exf4 20. Bh3 R8c7 21.
Bxd7 Rxd7 22. Qxf4 Bf6 23. Rcd1 Nc3 24. Qg4 Rd8 25. Rd3 Be5 26. Bb2 Ne2+ 27.
Qxe2 Bxb2 28. c4 Be5 29. cxb5 axb5 30. Rdf3 Rc4 31. Rxf7 Bxe4 32. R7f2 Bd4 33.
a6 Rf8 34. Qa2 Rxf2 35. Rxf2 Bd5 36. Qd2 Ra4 37. Kf1 Ra1+ 38. Ke2 Ra2 39. Kd3
Rxd2+ 40. Rxd2 Bc5 41. Ke2 Bc4+ 42. Kf3 b4 43. a7 Bxa7 44. Rxd6 Bc5 45. Rd8+
Kf7 46. Rc8 Bd5+ 47. Ke2 Bd4 48. Kd3 Bc3 49. Rd8 Ke6 50. Re8+ Kd7 51. Rb8 Kc6
52. h4 Kc5 53. Rc8+ Kb5 54. g4 Ka4 55. g5 Be6 56. Rc7 Kb3 57. h5 Bf5+ 58. Ke3
Kc2 59. h6 gxh6 60. gxh6 b3 61. Kf4 Bg6 62. Re7 b2 63. Re2+ Bd2+ 0-1

[Event "19. Blankenburger Schachturnier, A-Gr."]
[Site "Blankenburg"]
[Date "2014.10.02"]
[Round "2.11"]
[White "Junker, Stefan"]
[Black "Kasper, Mike"]
[Result "1/2-1/2"]
[WhiteElo "1825"]
[BlackElo "1894"]
[PlyCount "80"]
[EventDate "2014.10.??"]

1. Nf3 d5 2. g3 c5 3. Bg2 Nc6 4. d4 Bf5 5. O-O e6 6. c3 Nf6 7. Nbd2 Qc7 8. Nh4
Bg6 9. dxc5 Bxc5 10. Nxg6 hxg6 11. e4 Rd8 12. Qa4 a5 13. exd5 Nxd5 14. Ne4 Be7
15. Qb5 Rh5 16. Qe2 Ne5 17. f4 Nd7 18. c4 N5f6 19. Ng5 Nc5 20. Be3 Kf8 21. Rad1
Rxd1 22. Rxd1 Ne8 23. Bf3 Rh8 24. Kg2 Nd6 25. b3 Nf5 26. Bf2 b6 27. Ne4 Kg8 28.
Nc3 Kh7 29. Nb5 Qb8 30. Nd4 Nxd4 31. Bxd4 Qc7 32. Be5 Qc8 33. Qb2 Rd8 34. Rxd8
Qxd8 35. Qd4 Nd3 36. Qxd8 Bxd8 37. Bc3 Nc1 38. Be4 Nxa2 39. Bd2 Bc7 40. Kf3 Kg8
1/2-1/2

[Event "19. Blankenburger Schachturnier, A-Gr."]
[Site "Blankenburg"]
[Date "2014.10.02"]
[Round "2.12"]
[White "Zerfass, Otfried"]
[Black "Dietz, Florian"]
[Result "1-0"]
[WhiteElo "1893"]
[BlackElo "1776"]
[PlyCount "43"]
[EventDate "2014.10.??"]

1. e4 c5 2. Nc3 Nc6 3. Bb5 g6 4. Bxc6 bxc6 5. d3 Bg7 6. f4 e6 7. Nf3 d5 8. e5
Ne7 9. O-O O-O 10. Qe1 Rb8 11. b3 a5 12. Ba3 c4 13. dxc4 dxc4 14. Ne4 cxb3 15.
axb3 Ba6 16. Rf2 Kh8 17. Rd2 Qb6+ 18. Kh1 Qa7 19. Rad1 Rg8 20. Rd7 Rb7 21. Rxb7
Qxb7 22. Nd6 1-0

[Event "19. Blankenburger Schachturnier, A-Gr."]
[Site "Blankenburg"]
[Date "2014.10.02"]
[Round "2.13"]
[White "Post, Hugo"]
[Black "Walther, Joachim"]
[Result "1-0"]
[WhiteElo "1652"]
[BlackElo "1888"]
[PlyCount "47"]
[EventDate "2014.10.??"]

1. Nf3 b5 2. e3 a6 3. c4 b4 4. d4 Bb7 5. Bd3 e6 6. O-O c5 7. Nbd2 Nf6 8. Re1
Nc6 9. Nf1 Be7 10. Ng3 Qb6 11. d5 exd5 12. cxd5 Na5 13. Nf5 c4 14. Bb1 Bc5 15.
Nxg7+ Kf8 16. Nf5 Bxd5 17. Ne5 Qe6 18. e4 Qxe5 19. exd5 Qxd5 20. Qxd5 Nxd5 21.
Bh6+ Kg8 22. Re5 Bxf2+ 23. Kxf2 Nf6 24. Ne7# 1-0

[Event "19. Blankenburger Schachturnier, A-Gr."]
[Site "Blankenburg"]
[Date "2014.10.03"]
[Round "3.1"]
[White "Kahe, Ralph"]
[Black "Bente, Björn"]
[Result "0-1"]
[WhiteElo "2193"]
[BlackElo "2286"]
[PlyCount "108"]
[EventDate "2014.10.??"]

1. d4 Nf6 2. c4 e6 3. Nc3 Bb4 4. Qc2 c5 5. dxc5 Bxc5 6. Nf3 Qb6 7. e3 Nc6 8. a3
Be7 9. b4 d6 10. Bb2 O-O 11. Be2 Bd7 12. O-O Rac8 13. Rfd1 Rfd8 14. Rac1 a6 15.
Qb1 Qa7 16. h3 Qb8 17. Rd2 Na7 18. b5 axb5 19. cxb5 d5 20. Qa2 Ne4 21. Nxe4
Rxc1+ 22. Bxc1 dxe4 23. Nd4 e5 24. b6 Nc8 25. Bc4 exd4 26. Bxf7+ Kh8 27. Rxd4
Bf6 28. Rd2 Nxb6 29. Bb2 Bxb2 30. Qxb2 Qc7 31. Qd4 Rf8 32. Bh5 Bc6 33. Bd1 Nd7
34. Bc2 Qe5 35. Qb4 Re8 36. Rd4 Nc5 37. Qa5 Qe7 38. Rd2 Ne6 39. Bb3 Qc5 40. Qb4
Qxb4 41. axb4 Rd8 42. Ra2 Nc7 43. Kh2 g6 44. Kg3 Kg7 45. Kg4 Kf6 46. h4 h6 47.
Rc2 Nd5 48. Bxd5 Rxd5 49. Rc4 Rd2 50. Kg3 Rb2 51. Rd4 Ke5 52. f4+ Ke6 53. Rc4
Bd5 54. Rd4 Re2 0-1

[Event "19. Blankenburger Schachturnier, A-Gr."]
[Site "Blankenburg"]
[Date "2014.10.03"]
[Round "3.2"]
[White "Schütze, Norman"]
[Black "Vonhoff, Nils"]
[Result "1-0"]
[WhiteElo "2277"]
[BlackElo "1967"]
[PlyCount "71"]
[EventDate "2014.10.??"]

1. e4 c5 2. Nf3 Nc6 3. d4 cxd4 4. Nxd4 Nf6 5. Nc3 a6 6. Bg5 Qc7 7. Qd2 e6 8.
O-O-O Bb4 9. f3 h6 10. Be3 d5 11. a3 Bxc3 12. Qxc3 dxe4 13. fxe4 Nxe4 14. Qd3
Nc5 15. Qc3 Ne4 16. Qe1 Nf6 17. Bd3 Nd5 18. Nxc6 Nxe3 19. Qxe3 Qxc6 20. Be4 Qc7
21. g4 Bd7 22. Rd3 Rc8 23. Rc3 Qb8 24. Rxc8+ Qxc8 25. Rd1 Bc6 26. Qc5 Qc7 27.
Kb1 Qxh2 28. Bxc6+ bxc6 29. Qxc6+ Ke7 30. Rd7+ Kf6 31. Qf3+ Kg5 32. Qxf7 Qe5
33. Qh5+ Kf4 34. Qh2+ Ke4 35. Qe2+ Kf4 36. Rf7+ 1-0